000 00645nam a2200217Ia 4500
005 20250508170104.0
008 008 250505s9999 xx 000 0 eng d
020 _a978-0-367-89825-0
037 _aTextBook
040 _aFEDL
_beng
_cFEDL
041 _aeng
_2eng
084 _a372.954, RAI/R
_qFEDL
100 _aRaina Jyoti Ed.
_9782908
245 0 _aElementary education in India: Policy shifts, issues and challenges
260 _aLondon, UK
_bRoutledge
_c2020
300 _axix, 288p.
365 _aINR
_b15
546 _aFirst South Asia edition, 2020
942 _cTB
_h372.954, RAI/R
999 _c1399153
_d1399153